Centrum chorvátskej kultúry - Jarovce

Enregistré dans:
Détails bibliographiques
Auteur principal: Gromová, Monika (Auteur)
Autres auteurs: Ilkovič, Ján (Directeur de thèse)
Format: Manuscrit Livre
Langue:slovaque
Publié: 2025
Sujets:
Accès en ligne:http://is.stuba.sk/zp/portal_zp.pl?podrobnosti=162048
Tags: Ajouter un tag
Pas de tags, Soyez le premier à ajouter un tag!

MARC

LEADER 00000ntm a22000003a 4500
001 stuzp104556
003 SK-STU
005 20250614213111.4
007 ta
008 150427s2015----xo-----f-mn---000-0-slo-d
040 |a STU  |b slo 
041 0 |a slo 
100 1 |a Gromová, Monika  |u 054140  |4 aut  |U FAD Fakulta architektúry a dizajnu  |T FAD Ústav konštrukcií v architektúre a inžinierskych stavieb  |X 110305  |U A4140  |Y 395  |7 110305 
242 0 1 |a Croatian Cultural Center - Jarovce  |y eng 
245 1 0 |a Centrum chorvátskej kultúry - Jarovce 
260 |c 2025 
650 4 |a community  |2 eng 
650 4 |a public  |2 eng 
650 4 |a center  |2 eng 
650 4 |a tradition  |2 eng 
650 4 |a architecture  |2 eng 
650 4 |a culture  |2 eng 
650 4 |a Jarovce  |2 eng 
650 4 |a verejnosť  |2 slo 
650 4 |a centrum  |2 slo 
650 4 |a CLT  |2 slo 
650 4 |a tradícia  |2 slo 
650 4 |a komunita  |2 slo 
650 4 |a architektúra  |2 slo 
650 4 |a Jarovce  |2 slo 
650 4 |a kultúra  |2 slo 
700 1 |a Ilkovič, Ján  |u 054140  |k Z1  |4 ths  |U FAD Fakulta architektúry a dizajnu  |T FAD Ústav konštrukcií v architektúre a inžinierskych stavieb  |X 418  |U A4140  |Y 395  |7 A000000418 
856 4 |u http://is.stuba.sk/zp/portal_zp.pl?podrobnosti=162048